| 000 | 00622nam a2200217 a 4500 | ||
|---|---|---|---|
| 005 | 20240913063901.0 | ||
| 008 | 170323s2001 mx r 000 0 spa d | ||
| 020 | _a9687750065 | ||
| 035 | _aUPN01000217014 | ||
| 049 | _aCG | ||
| 050 | 4 |
_aJC423 _bP7.2 2001 |
|
| 100 | 1 |
_aPrud'homme, Jean-Francois _940336 |
|
| 245 | 1 | 0 |
_aConsulta popular y democracia directa / _cJean-François Prud'homme. |
| 250 | _a2a ed. | ||
| 260 |
_aMéxico : _bIFE, _c2001. |
||
| 300 | _a55 p. | ||
| 440 | 0 |
_aCuadernos de divulgación de la cultura democrática ; _v15 |
|
| 650 | 4 |
_aDemocracia _96020 |
|
| 905 | _aLibro | ||
| 999 |
_c189114 _d189114 |
||